000 00761nam a2200229 a 4500
001 000046504
005 20201002052922.0
008 100223s2015 dr ac 000 0 spa d
020 _a9789945141221
040 _aDO-SdBNP
_bspa
_cBNPHU
082 _a372.19
_bC578p
100 1 _aHernández Caamañ, Mercedes
_974496
245 1 0 _aCírculo infantil :
_bUn modelo en la educación inicial dominicana /
_cMercedes Hernández Caamaño.
260 _aSanto Domingo :
_bBúho,
_c2015.
300 _a307p. :
_bil., retrs. ;
_c24 cm.
490 1 _aInovando en la escuela
650 4 _aCurriculo
_935953
650 4 _aEducación
_zRepública Dominicana
_9737
600 0 4 _aCOLEGIO CÍRCULO INFANTIL
_935954
830 0 _aInovando en la escuela
_974497
049 _aBNPD
999 _c45993
_d45993